000 00774nam a2200217 i 4500
001 39042
003 ES-MaACL
005 20250830063047.0
007 t|
008 030227s1900 ag ||||1| spa d
100 1 _aCalzada, Rafael,
_d1854-1929
_933943
245 1 0 _aDiscursos /
_cRafael Calzada ; con un prólogo de Calixto Oyuela.
260 _aBuenos Aires :
_b[s.n.,
_c1900] (
_fEl Correo Español)
300 _aVIII, 203 p. :
_b1 retr. ;
_c22 cm.
530 _aDisponible en formato digital.
650 4 _aEspañoles-
_zArgentina-
_xVida intelectual.
_9170156
700 1 _aOyuela, Calixto.
_988059
852 _aES-MaACL
_jG-4799
856 _uhttp://bdh-rd.bne.es/viewer.vm?id=0000112682&page=1
_zBiblioteca Digital Hispánica
999 _c39042
_d39042